000
00217 a2200097 4500
001
845
100
_a
Markses,J
245
_a
Electronics for communication engineering
260
_a
_b
Mcgrawhill
_c
090
_c
436
_d
436
942
_a
NUST-CAE
_c
M
_c
30667
999
_c
235918
_d
235918